Teatro crítico universal II
Na minha lista:
| Autor principal: | |
|---|---|
| Formato: | Livro |
| Idioma: | Undetermined |
| Publicado em: |
Madrid, España
La lectura
1924
|
| Assuntos: | |
| Tags: |
Adicionar Tag
Sem tags, seja o primeiro a adicionar uma tag!
|
MARC
| LEADER | 00000nam a2200000Ia 4500 | ||
|---|---|---|---|
| 008 | 170316s9999 xx 000 0 und d | ||
| 040 | |a cru BVZT | ||
| 090 | |a 862 E-14t v.2 | ||
| 100 | |a Feijóo, Benito | ||
| 245 | |a Teatro crítico universal II | ||
| 260 | |a Madrid, España | ||
| 260 | |b La lectura | ||
| 260 | |c 1924 | ||
| 300 | |a 300 páginas | ||
| 650 | |a LITERATURA ESPAÑOLA | ||
| 999 | |c 9818 |d 9818 | ||
| 942 | |c 15 D |h 862 E-14t v.2 |2 z | ||
